| 000 | 00572nam a22001697a 4500 | ||
|---|---|---|---|
| 003 | BD-DhUL | ||
| 005 | 20190408185721.0 | ||
| 008 | 190408s1945 ii ||||| |||| 00| 0 urd d | ||
| 040 |
_aBD-DhUL _cBD-DhUL |
||
| 082 |
_a891.4309 _bABM |
||
| 100 | 0 | _aعبد اللطیف اعظمی | |
| 245 | 1 | 0 |
_aمولانا شبلی کا مرتبہ اردو ادب میں / _cعبد اللطیف اعظمی |
| 260 |
_aدہلی : _bشبلی اکادیمی، _c۱۹۴۵۔ |
||
| 300 |
_aص۔ ۲۱۰ ؛ _c۱۸ سم۔ |
||
| 650 | 4 | _aUrdu literature - History and criticism | |
| 942 |
_2ddc _cBK |
||
| 999 |
_c247634 _d247634 |
||